| 000 | 01116nam a2200277 a 4500 | ||
|---|---|---|---|
| 001 | 74260 | ||
| 003 | BD-RjUL | ||
| 005 | 20211209082527.0 | ||
| 008 | 180419r20092006ii ||||| b|i| 001 0 ben d | ||
| 020 |
_a8180640973 _cTk.50.00 |
||
| 035 | _a(BD-RjUL)74478 | ||
| 040 |
_aBD-RjUL _beng _cBD-RjUL |
||
| 041 | _aben | ||
| 082 |
_223 _a370.82092 _bHOB 2009 |
||
| 100 |
_aহোসেন, আনোয়ার _9221208 |
||
| 245 | 1 | 0 |
_aবেগম রোকেয়া নারী জাগরনের অগ্রদূত / _cআনোয়ার হোসেন, |
| 260 |
_aকলকাতা : _bপ্রগ্রেসিভ পাব , _c২০০৬ (মুদ্রন ২০০৯ ) |
||
| 300 |
_a১১২ পৃ. ; _c২২ সেমি. |
||
| 500 | _aতথ্যসূত্র সংযোজিত | ||
| 504 | _aগ্রন্থপঞ্জি সম্বলিত | ||
| 600 |
_aরোকেয়া, বেগম _9221214 |
||
| 600 |
_aRokeya, Begum _9221215 |
||
| 650 |
_aশিক্ষাবিদ _vজীবনী _9221211 |
||
| 650 |
_aEducator _vBiography _9192361 |
||
| 942 |
_2ddc _cBK |
||
| 999 |
_c74260 _d74260 |
||